Didáctica de la educación tecnológica
Furkejuvvon:
| Váldodahkki: | |
|---|---|
| Materiálatiipa: | Girji |
| Giella: | espánnjágiella |
| Almmustuhtton: |
Buenos Aires
Bonum
2008
|
| Preanttus: | 1a. ed |
| Fáttát: | |
| Fáddágilkorat: |
Lasit fáddágilkoriid
Eai fáddágilkorat, Lasit vuosttaš fáddágilkora!
|
MARC
| LEADER | 00000nam a2200000 a 4500 | ||
|---|---|---|---|
| 001 | UCI9251 | ||
| 003 | CL-VaPUC | ||
| 008 | 081030e20080000AG |||||||||||||||||spa|d | ||
| 020 | |a 9789505078288 | ||
| 082 | 0 | 4 | |a 372.358 |b MAU |2 21 |
| 100 | |a Mautino, José María |e autor |9 532883 | ||
| 245 | 1 | 0 | |a Didáctica de la educación tecnológica |
| 250 | |a 1a. ed | ||
| 300 | |a 166 p | ||
| 942 | |c BK | ||
| 945 | |d 20081030 00:00:00 |a jtorresc | ||
| 260 | |a Buenos Aires |b Bonum |c 2008 | ||
| 650 | 0 | |a Educación tecnológica |9 307597 | |
| 650 | 0 | |a Creatividad |9 310816 | |
| 650 | 0 | |a Aptitud creadora |9 307292 | |
| 650 | 0 | |a Innovaciones pedagógicas |9 307471 | |
| 650 | 0 | |a Educación básica |9 224933 | |
| 650 | 0 | |a Métodos de enseñanza |9 270413 | |
| 583 | |a last modification |c 20081030 00:00:00 |k Rodrigo Vera | ||
| 999 | |c 331828 |d 331826 | ||
| 952 | |0 0 |1 0 |4 0 |6 372_358000000000000_MAU_2008 |7 0 |8 A |9 418973 |a BIBEDU |b BIBEDU |d 2019-11-22 |i 4494202 |o 372.358 MAU 2008 |p 4494202 |r 2019-11-22 |w 2019-11-22 |y BK |k EBA | ||